National classification of occupations (Record no. 495860)

000 -LEADER
fixed length control field 00499cam a22001097a 4500
008 - FIXED-LENGTH DATA ELEMENTS--GENERAL INFORMATION
fixed length control field 180718b1968 xxu||||| |||| 00| 0 eng d
082 ## - DEWEY DECIMAL CLASSIFICATION NUMBER
Classification number R2x54 In2
245 ## - TITLE STATEMENT
Title National classification of occupations
Statement of responsibility, etc. by Directorate General of Employment and Training, Ministry of Labour, Employment and Rehabilitation
260 ## - PUBLICATION, DISTRIBUTION, ETC.
Place of publication, distribution, etc. Delhi
Name of publisher, distributor, etc. Manager of Publications Civil Lines
Date of publication, distribution, etc. 1968
300 ## - PHYSICAL DESCRIPTION
Extent v.p.
700 ## - ADDED ENTRY--PERSONAL NAME
Personal name India. Directorate General of Employment and Training, Ministry of Labour, Employment and Rehabilitation
Holdings
Withdrawn status Lost status Damaged status Not for loan Permanent Location Current Location Date acquired Full call number Barcode Date last seen Price effective from Koha item type
        Indian Institute of Public Administration Indian Institute of Public Administration 2018-08-04 R2x54 In2 GG16676 2018-08-04 2018-08-04 GG

Powered by Koha